| Tag |
First Indicator |
Second Indicator |
Subfields |
| LEADER |
00000cam a2200000 4500 |
| 001 |
in00000099463 |
| 005 |
20150926125616.0 |
| 008 |
720424s1962 eng u |
| 010 |
|
|
|a 61014793
|
| 035 |
|
|
|a (OCoLC)00291454
|
| 035 |
|
|
|9 AAL3884AM
|
| 040 |
|
|
|c YNG
|d TXA
|d UtOrBLW
|
| 049 |
|
|
|a TXAM
|c [423953]
|
| 090 |
|
|
|a TP151
|b .L32
|
| 100 |
1 |
|
|a Lapidus, Leon.
|
| 245 |
1 |
0 |
|a Digital computation for chemical engineers.
|
| 264 |
|
1 |
|a New York :
|b McGraw-Hill,
|c 1962.
|
| 300 |
|
|
|a 407 pages :
|b illustrations
|
| 336 |
|
|
|a text
|b txt
|2 rdacontent
|
| 337 |
|
|
|a unmediated
|b n
|2 rdamedia
|
| 338 |
|
|
|a volume
|b nc
|2 rdacarrier
|
| 490 |
1 |
|
|a McGraw-Hill series in chemical engineering
|
| 504 |
|
|
|a Includes bibliography.
|
| 650 |
|
0 |
|a Chemical engineering
|v Tables.
|
| 650 |
|
0 |
|a Electronic digital computers.
|
| 830 |
|
0 |
|a McGraw-Hill series in chemical engineering.
|
| 999 |
|
|
|a MARS
|
| 999 |
f |
f |
|s 8468010b-a21a-34af-8bdf-14745eda1876
|i 339b42f6-ea18-3e86-9136-a7f9dcc42006
|t 0
|
| 952 |
f |
f |
|p normal
|a Texas A&M University
|b College Station
|c Sterling C. Evans Library
|d Evans: Library Stacks
|t 0
|e TP151 .L32
|h Library of Congress classification
|i unmediated -- volume
|m A14805596168
|
| 998 |
f |
f |
|a TP151 .L32
|t 0
|l Evans: Library Stacks
|